Urban revista del Departamento de Urbanística y Ordenación del Territorio, Escuela Técnica Superior de Arquitectura, Universidad Politécnica de Madrid.
| Autor Corporativo: | |
|---|---|
| Formato: | Electrónico Revista |
| Lenguaje: | español inglés italiano |
| Publicado: |
Madrid :
Departamento de Urbanística y Ordenación del Territorio, Escuela Técnica Superior de Arquitectura, Universidad Politécnica de Madrid,
1997-
|
| Materias: | |
| Acceso en línea: | Full text available from Research Library: 01/01/2009 to 12/31/2014 Full text available from Research Library: 01/01/2016 to 01/31/2018 |
MARC
| LEADER | 00000nas a2200000 a 4500 | ||
|---|---|---|---|
| 001 | ssj0001865204 | ||
| 003 | WaSeSS | ||
| 005 | 20200512172242.0 | ||
| 006 | m d | ||
| 007 | cr n | ||
| 008 | 980714d19972016sp fr p s 0 0spa | ||
| 010 | |a 98655662 | ||
| 022 | |l 1138-0810 |y 1138-0810 | ||
| 035 | |a (WaSeSS)ssj0001865204 | ||
| 040 | |a DLC |b eng |c DLC |d OCLCQ |d ZCU |d OCLCQ |d OCLCO |d OCLCF |d OCLCO |d CUS |d ZCU |d OCLCA |d WaSeSS | ||
| 041 | 0 | |a spa |a eng |a ita |b eng |b spa |m eng |m spa | |
| 042 | |a pcc | ||
| 043 | |a e-sp--- | ||
| 050 | 0 | 0 | |a HT169.S65 |b U7 |
| 082 | 0 | 0 | |a 307.76/0946/05 |2 21 |
| 130 | 0 | |a Urban (Madrid, Spain) | |
| 222 | 0 | |a Urban |b (Madrid) | |
| 245 | 1 | 0 | |a Urban |h [electronic resource] : |b revista del Departamento de Urbanística y Ordenación del Territorio, Escuela Técnica Superior de Arquitectura, Universidad Politécnica de Madrid. |
| 246 | 3 | |a Urbanismo | |
| 246 | 3 | |a Urbanística | |
| 246 | 3 | |a Urban history | |
| 260 | |a Madrid : |b Departamento de Urbanística y Ordenación del Territorio, Escuela Técnica Superior de Arquitectura, Universidad Politécnica de Madrid, |c 1997- | ||
| 310 | |a Semiannual, |b marzo 2011- | ||
| 321 | |a Annual, |b 1997-2009 | ||
| 362 | 0 | |a 1-14 ; NS01 (marzo 2011)- | |
| 362 | 0 | |a Ceased with: NS10-11 (2015/2016). | |
| 500 | |a Title from cover. | ||
| 500 | |a Title in large type followed in small type by: o, a, ismo, ística, ización, history, planning, studies (varies slightly), 1997-2009. | ||
| 506 | |a License restrictions may limit access. | ||
| 515 | |a None published in 2010. | ||
| 546 | |a Articles chiefly in Spanish, some in English and Italian; some with translation of text or with summaries in English or Spanish. | ||
| 588 | |a Latest issue consulted: NS01 (marzo 2011). | ||
| 650 | 0 | |a City planning |z Spain |v Periodicals. | |
| 650 | 7 | |a City planning. |2 fast |0 (OCoLC)fst00862177 | |
| 651 | 7 | |a Spain. |2 fast |0 (OCoLC)fst01204303 | |
| 655 | 0 | |a Electronic journals. | |
| 710 | 2 | |a Escuela T. S. de Arquitectura de Madrid. |b Departamento de Urbanística y Ordenación Territorial. | |
| 850 | |a DLC | ||
| 856 | 4 | 0 | |z Full text available from Research Library: 01/01/2009 to 12/31/2014 |u https://search.proquest.com/publication/2035896 |
| 856 | 4 | 0 | |z Full text available from Research Library: 01/01/2016 to 01/31/2018 |u https://search.proquest.com/publication/2035896 |